书目信息 |
| 题名: |
给青少年讲欧洲
|
|
| 作者: | 勒戈夫 著 ;钱崇信 译 | |
| 分册: | ||
| 出版信息: | 合肥 安徽人民出版社 2000.05 |
|
| 页数: | 107页 | |
| 开本: | 21cm | |
| 丛书名: | ||
| 单 册: | ||
| 中图分类: | K509 | |
| 科图分类: | ||
| 主题词: | 欧洲--历史--通俗读物 , 欧洲 | |
| 电子资源: | ||
| ISBN: | 7-212-01772-8 | |
| 000 | 00840nam0 2200253 45 | |
| 001 | 012003000000 | |
| 005 | 20041010094826.48 | |
| 010 | @a7-212-01772-8@dCNY 8.00 | |
| 100 | @a20030924d2000 em y0chiy0121 ea | |
| 101 | 1 | @achi@cfre |
| 102 | @aCN@b340000 | |
| 105 | @aa z 000yy | |
| 200 | 1 | @a给青少年讲欧洲@Agei qing shao nian jiang ou zhou@dJacques le goff l'europe racontée aux jeunes@f(法)雅克·勒戈夫著@F(fa)ya ke·le ge fu zhu@g钱崇信译@zfre |
| 210 | @a合肥@c安徽人民出版社@d2000.05 | |
| 215 | @a107页@c图@d21cm | |
| 320 | @a本书末含附录 | |
| 510 | 1 | @aJacques le goff l'europe racontée aux jeunes@zfre |
| 606 | 0 | @a欧洲@x历史@j通俗读物 |
| 606 | 0 | @a欧洲 |
| 690 | @aK509@v4 | |
| 701 | 1 | @a勒戈夫@Ale ge fu@b雅克@4著 |
| 702 | 0 | @a钱崇信@Aqian chong xin@4译 |
| 801 | 0 | @aCN@bQSSKw@c20041010 |
| 905 | @a10447@dK509@eY011 | |
| 给青少年讲欧洲=Jacques le goff l'europe racontée aux jeunes/(法)雅克·勒戈夫著/钱崇信译.-合肥:安徽人民出版社,2000.05 |
| 107页:图;21cm |
| ISBN 7-212-01772-8:CNY 8.00 |
| ● |
| 相关链接 |
|
|
|
正题名:给青少年讲欧洲
索取号:K509/Y011
 
预约/预借
| 序号 | 登录号 | 条形码 | 馆藏地/架位号 | 状态 | 备注 |
| 1 | 398376 | 203983760 | 社科库309/309社科库 40排4列2层/ [索取号:K509/Y011] | 在馆 | |
| 2 | 398377 | 203983779 | 社科库309/309社科库 40排4列2层/ [索取号:K509/Y011] | 在馆 | |
| 3 | 398378 | 203983788 | 社科库309/309社科库 40排4列2层/ [索取号:K509/Y011] | 在馆 |